|
|
|
|
| LEADER |
00000nam a2200000 a 4500 |
| 001 |
vtls011425503 |
| 003 |
SK-MaSNL |
| 005 |
20260426002933.0 |
| 008 |
251112s1833 xo f 000 0 ger |
| 015 |
|
|
|a SNBHFA1833
|
| 020 |
|
|
|q (viaz.)
|
| 035 |
|
|
|a urn:nbn:sk:snk-am00c4th
|
| 035 |
|
|
|a urn:nbn:sk:snk-am3hdvc
|
| 035 |
|
|
|a 8ECA3174-1DE5-4442-BDFA-F4719D3E573C
|
| 040 |
|
|
|a SNK
|b slo
|c SNK
|e AACR2
|
| 041 |
0 |
|
|a ger
|
| 044 |
|
|
|a xo
|c SK
|
| 072 |
|
7 |
|a 911
|x Všeobecná geografia. Systematická geografia
|2 konspekt
|
| 080 |
|
|
|a 911.2:528.42
|2 2001
|
| 080 |
|
|
|a 311.21
|2 2001
|
| 080 |
|
|
|a 911.375.4
|2 2001
|
| 080 |
|
|
|a 911.3:908(094)
|2 2001
|
| 080 |
|
|
|a (437.6)
|2 2001
|
| 100 |
1 |
|
|a Thiele, J. C. von
|4 aut
|4 pbl
|9 322631
|
| 245 |
1 |
4 |
|a Das Königreich Ungarn
|b Ein topographisch-historisch-statistisches Kundgemälde, das Ganze dieses Landes in mehr denn 12,400 Artikeln umfassend
|n Vierter Band
|c von J. C. v.Thiele kais. russ. Rathe
|
| 246 |
0 |
8 |
|a Thiele Das königreich Ungarn
|n 3. 4.
|
| 260 |
|
|
|a Kaschau
|b Gedruckt auf Kosten der v. Thiele'schen Erben
|c 1833
|
| 300 |
|
|
|a [4], 228 s.
|c 21 cm
|
| 501 |
|
|
|a Prív. 1. k: THIELE, v. J. C. Das Königreich Ungarn. Ein topographisch-historisch-statistisches Kundgemälde, das Ganze Dieses Landes in mehr denn 12,400 Artikeln umfassend. Dritter Band. Kaschau: Thieleschen Erben, 1833.
|5 SNK SD 2994/3-4
|
| 546 |
|
|
|a Nemčina
|b Antikva
|
| 561 |
|
|
|a Okrúhla pečiatka: Rimely Károly Lekéri Apát.
|5 SNK SD 2994/3-4
|
| 561 |
|
|
|a Pečiatka na titulnom liste: R.K.
|5 SNK SD 2994/3-4
|
| 648 |
|
7 |
|a 19. stor.
|2 SNKPH
|9 278793
|
| 650 |
0 |
7 |
|a kráľovské mestá
|2 SNKPH
|9 80023
|
| 650 |
0 |
7 |
|a topografia
|2 SNKPH
|9 30645
|
| 650 |
0 |
7 |
|a historický miestopis (Slovensko)
|2 SNKPH
|9 322632
|
| 651 |
|
7 |
|a Slovensko
|2 SNKPHgeo
|9 14231
|
| 651 |
|
7 |
|a Uhorsko
|2 SNKPHgeo
|9 28673
|
| 655 |
|
7 |
|a súpisy
|2 SNKPH
|9 70480
|
| 700 |
1 |
|
|a Rimely, Karol,
|d 1825-1904
|4 fmo
|9 177562
|
| 710 |
2 |
|
|a Thieleschen - dedičia (Košice, Slovensko)
|4 pbl
|9 322633
|
| 752 |
|
|
|a Slovensko
|d Košice
|
| 852 |
|
|
|a snk
|b Historické fondy
|p SD 2994/3-4
|
| 958 |
|
|
|a ONDV
|
| 999 |
|
|
|c 931213
|d 933143
|
| 952 |
|
|
|t B 3693
|a SNK
|b SNK
|y VYP
|7 0
|p 17A1125889
|o snkSD 2994/4 D1
|i snk2017/20036
|8 5
|0 0
|1 0
|4 0
|d 2017-11-23
|l 0
|r 2026-02-24 08:48:20
|w 2026-02-24
|
| 952 |
|
|
|t RI 285
|a SNK
|b SNK
|c SNK_HF
|y PREZ
|7 0
|p 17A1128178
|o snkSD 2994/3-4/prív.
|i snk2015/32360
|8 5
|z prív. k 3. zväzku
|0 0
|1 0
|4 0
|d 2015-12-01
|f 1
|l 0
|r 2026-02-24 08:48:20
|w 2026-02-24
|